| 000 | 00580nam a22001937a 4500 | ||
|---|---|---|---|
| 999 |
_c146872 _d146872 |
||
| 005 | 20181119152105.0 | ||
| 010 | _aENG-120915 | ||
| 020 |
_a978812416388 _c595.00 |
||
| 035 | _aEN-104447 | ||
| 037 | _bDBAD/PUB | ||
| 082 | _a384.0954 | ||
| 100 | _aSubramanian Swamy | ||
| 245 |
_a2G spectrum scam / _cby Subramanian Swamy |
||
| 260 |
_aNew Delhi _bHar- Anand Publications _c2011 |
||
| 270 |
_aE-49/3,Okhla Industrial Area,Phase-II _bNew Delhi _e110020 |
||
| 300 |
_a304p.: _c22cm (Hb) _bill. |
||
| 500 | _aIncludes index | ||
| 942 |
_2ddc _cEN _h384.0954 _mSUB |
||